Kreisfreie Städte - Statistiken

Allgemein
  • Dieses Quiz wurde 207 mal gespielt
  • Das Durchschnittsergebnis liegt bei 81 aus 109
Antwortstatistiken
Hint Antwort % Korrekt
BE Berlin
94%
HH Hamburg
94%
BB Potsdam
94%
BW Stuttgart
94%
HB Bremen
93%
RP Mainz
93%
NW Dortmund
92%
TH Erfurt
92%
SH Kiel
92%
BW Mannheim
92%
SN Dresden
91%
BW Karlsruhe
91%
BY München
91%
NW Düsseldorf
90%
BW Freiburg
90%
NI Hannover
90%
TH Jena
90%
NW Köln
90%
SN Leipzig
90%
MV Rostock
90%
BY Nürnberg
89%
NI Braunschweig
88%
HB Bremerhaven
88%
SN Chemnitz
88%
NW Essen
88%
NI Osnabrück
88%
HE Wiesbaden
88%
NW Bonn
87%
SH Lübeck
87%
ST Magdeburg
87%
MV Schwerin
87%
NW Aachen
85%
BY Augsburg
85%
NW Bielefeld
85%
NW Bochum
85%
SH Flensburg
85%
TH Gera
85%
BW Heidelberg
85%
BY Ingolstadt
85%
HE Kassel
85%
BY Regensburg
85%
RP Trier
85%
BW Ulm
85%
NI Wolfsburg
85%
NW Duisburg
84%
NW Gelsenkirchen
84%
BB Cottbus
83%
HE Darmstadt
83%
BY Fürth
83%
ST Halle
83%
RP Koblenz
83%
NI Oldenburg
83%
BY Würzburg
81%
BY Bayreuth
80%
BY Passau
80%
NW Wuppertal
80%
BY Bamberg
79%
NW Leverkusen
78%
NW Mönchengladbach
78%
HE Offenbach
78%
RP Ludwigshafen
77%
BW Heilbronn
76%
BY Erlangen
75%
BY Aschaffenburg
74%
NW Oberhausen
74%
BW Pforzheim
74%
TH Weimar
74%
BW Baden Baden
72%
NW Hamm
72%
BB Frankfurt/Oder
71%
HE Frankfurt/Main
70%
NW Krefeld
70%
RP Worms
69%
NI Emden
68%
NI Göttingen
68%
BY Hof
68%
BY Rosenheim
68%
RP Speyer
68%
NW Bottrop
67%
NW Hagen
67%
BY Landshut
67%
NW Solingen
67%
BY Kempten
66%
ST Dessau
65%
TH Eisenach
65%
BY Schweinfurt
65%
NW Herne
63%
NW Mülheim an der Ruhr
63%
NI Salzgitter
63%
NI Wilhelmshaven
63%
BY Ansbach
61%
BY Coburg
61%
NW Remscheid
60%
BY Memmingen
58%
SH Neumünster
57%
BY Amberg
56%
RP Zweibrücken
54%
NI Delmenhorst
53%
RP Landau
50%
RP Pirmasens
50%
TH Suhl
50%
BY Straubing
47%
BY Kaufbeuren
42%
BB Brandenburg an der Havel
40%
RP Frankenthal
37%
BY Weiden in der Oberpfalz
35%
BY Schwabach
30%
RP Neustadt an der Weinstraße
26%
RP Kaiserslauterrn
5%
Keine übereinstimmenden Quizze gefunden
Verteilung der Resultate
Anzahl Personen mit jedem Resultat
Perzentil nach korrekt beantworteten Fragen
Ihre Resultats-Entwicklung
Sie haben dieses Quiz noch nicht gespielt